| 000 | 00361nam a22001337a 4500 | ||
|---|---|---|---|
| 020 | _a9789697669011 | ||
| 082 | _a004 | ||
| 100 | _aAir University Islamabad | ||
| 245 |
_aConference proceedings policy dialogue on language _cAir University Islamabad |
||
| 260 |
_aIslamabad _bAir University _c2017 |
||
| 300 | _a290p | ||
| 563 | _aP.B | ||
| 942 |
_2ddc _cBK |
||
| 999 |
_c588884 _d588884 |
||